[Event "PUR-ch"]
[Site "San Juan"]
[Date "2024.04.13"]
[Round "6"]
[White "Gonzalez Gonzalez, Enoel"]
[Black "Rodriguez Santiago, Jaime"]
[Result "1/2-1/2"]
[WhiteElo "1858"]
[BlackElo "2044"]
[PlyCount "92"]
[EventDate "2024.04.06"]
[EventType "tourn"]
[EventRounds "9"]
[EventCountry "PUR"]
[SourceTitle "CB18_2024"]
[SourceDate "2024.05.01"]
[SourceVersion "1"]
[SourceVersionDate "2024.05.01"]
[SourceQuality "2"]

1. c4 Nf6 2. g3 e6 3. Bg2 d5 4. e3 Be7 5. b3 c5 6. Ne2 Nc6 7. 0-0 0-0 8. d3 b6 9. Bb2 Bb7 10. Nbc3 Rc8 11. cxd5 exd5 12. d4 cxd4 13. Nxd4 Nxd4 14. Qxd4 Bc5 15. Qh4 Ne4 16. Qxd8 Rfxd8 17. Rfc1 Bb4 18. Nb5 a6 19. Nd4 g6 20. a3 Be7 21. b4 Nd6 22. a4 Nc4 23. Bc3 Rc7 24. b5 a5 25. Ne2 Bc5 26. Rd1 Rdd7 27. Rd3 Bb4 28. Bxb4 axb4 29. Rb1 Na5 30. Rxb4 Rc2 31. Bf3 Rdc7 32. Rbd4 R2c4 33. Nf4 Rc1+ 34. Kg2 Ra1 35. Nxd5 Rcc1 36. Ne7+ Kg7 37. Bxb7 Nxb7 38. Nc6 Nc5 39. Kf3 Nxd3 40. Rxd3 Rxa4 41. Rd7 Rc5 42. Nd4 Rxd4 43. exd4 Rxb5 44. Ke4 Kf6 45. f4 Ke6 46. Rd8 h5 1/2-1/2

[Event "PUR-ch"]
[Site "San Juan"]
[Date "2023.08.27"]
[Round "5"]
[White "Gonzalez Gonzalez, Enoel"]
[Black "Rodriguez Santiago, Jaime"]
[Result "0-1"]
[WhiteElo "1749"]
[BlackElo "2020"]
[PlyCount "108"]
[EventDate "2023.08.25"]
[EventType "swiss"]
[EventRounds "9"]
[EventCountry "PUR"]
[SourceTitle "EXT 2024"]
[Source "ChessBase"]
[SourceDate "2023.10.10"]
[SourceVersion "1"]
[SourceVersionDate "2023.10.10"]
[SourceQuality "1"]

1. Nf3 Nf6 2. c4 e6 3. Nc3 d5 4. e3 c5 5. d4 Nc6 6. cxd5 Nxd5 7. Be2 cxd4 8. Nxd4 Nxc3 9. bxc3 Bd7 10. Nb5 Qb8 11. Ba3 Bxa3 12. Nxa3 0-0 13. 0-0 Rd8 14. Rb1 b6 15. Bf3 Qe5 16. Nb5 Rac8 17. Nd6 Rb8 18. Nb5 a6 19. Nd4 Qc5 20. Qb3 Rdc8 21. Be2 b5 22. Rfc1 e5 23. Nf3 Be6 24. Qc2 h6 25. a4 Ne7 26. axb5 axb5 27. Qb2 Nc6 28. Bxb5 Bc4 29. Qc2 Rxb5 30. Ra1 Rcb8 31. Rcb1 Rxb1+ 32. Rxb1 Rxb1+ 33. Qxb1 Qb5 34. Qa1 Bd5 35. Nd2 Qd3 36. Qc1 Na5 37. h3 Nb3 38. Nxb3 Bxb3 39. Qb2 Qc2 40. Qa1 Qd1+ 41. Qxd1 Bxd1 42. Kf1 Kf8 43. Ke1 Bb3 44. Kd2 Bc4 45. h4 Ke7 46. e4 Kd6 47. g3 Kc5 48. Ke3 Ba6 49. f4 f6 50. g4 Kc4 51. h5 Kxc3 52. g5 hxg5 53. fxg5 fxg5 54. Kf3 Bc8 0-1

[Event "PUR-ch"]
[Site "Guaynabo"]
[Date "2020.12.12"]
[Round "7"]
[White "Zilleruelo Irizarry, Diego"]
[Black "Gonzalez Gonzalez, Enoel"]
[Result "1-0"]
[WhiteElo "2081"]
[BlackElo "1824"]
[PlyCount "67"]
[EventDate "2020.12.04"]
[EventType "tourn"]
[EventRounds "9"]
[EventCountry "PUR"]
[SourceTitle "EXT 2022"]
[Source "ChessBase"]
[SourceDate "2021.10.06"]
[SourceVersion "1"]
[SourceVersionDate "2021.10.06"]
[SourceQuality "1"]

1. e4 e5 2. Nf3 Nc6 3. d4 exd4 4. Nxd4 Bc5 5. Be3 Qh4 6. Nc3 Bb4 7. Bd3 d6 8. Nxc6 Bxc3+ 9. bxc3 bxc6 10. 0-0 Nf6 11. f3 0-0 12. Qd2 h6 13. Rab1 a5 14. Rb2 a4 15. a3 Nh7 16. Rfb1 Ra5 17. Bf2 Qh5 18. f4 f5 19. e5 dxe5 20. c4 Ra8 21. fxe5 f4 22. Bc5 Re8 23. Qxf4 Ng5 24. Rf1 Bh3 25. Rb7 Bxg2 26. Kxg2 Qh3+ 27. Kh1 Rad8 28. Bg6 Ne6 29. Bf7+ Kh8 30. Bxe6 Qxe6 31. Rxc7 Qg6 32. Rg1 Qh5 33. Rcxg7 Rd1 34. Qf6 1-0

[Event "PUR-ch"]
[Site "Guaynabo"]
[Date "2020.12.06"]
[Round "5"]
[White "Freyre Forest, Jorge"]
[Black "Gonzalez Gonzalez, Enoel"]
[Result "1-0"]
[WhiteElo "2008"]
[BlackElo "1824"]
[PlyCount "79"]
[EventDate "2020.12.04"]
[EventType "tourn"]
[EventRounds "9"]
[EventCountry "PUR"]
[SourceTitle "EXT 2022"]
[Source "ChessBase"]
[SourceDate "2021.10.06"]
[SourceVersion "1"]
[SourceVersionDate "2021.10.06"]
[SourceQuality "1"]

1. d4 Nf6 2. Bf4 d5 3. Nf3 c6 4. e3 Bf5 5. Nbd2 e6 6. Be2 Be7 7. Ne5 Nbd7 8. g4 Bg6 9. h4 h5 10. Nxg6 fxg6 11. Bd3 Nf8 12. g5 N6d7 13. c3 Qb6 14. Qc2 0-0-0 15. Nf3 c5 16. b3 Bd6 17. Ne5 Nxe5 18. dxe5 Bc7 19. 0-0-0 Nd7 20. Bxg6 Bxe5 21. Bf7 Bxf4 22. exf4 Qd6 23. Qd2 Qe7 24. g6 Qf6 25. Qd3 Kb8 26. Bxe6 Rhe8 27. f5 Ne5 28. Qg3 Ka8 29. Rhe1 Ng4 30. Kc2 a6 31. f3 Nh6 32. Qg5 Rxe6 33. fxe6 Ng8 34. Qxf6 Nxf6 35. e7 Re8 36. Re6 d4 37. Rxf6 Rxe7 38. Rf7 Re2+ 39. Rd2 Re3 40. cxd4 1-0

[Event "PUR-ch"]
[Site "Guaynabo"]
[Date "2020.12.06"]
[Round "4"]
[White "Gonzalez Gonzalez, Enoel"]
[Black "Candelario Fernandez, Jorge L"]
[Result "1-0"]
[WhiteElo "1824"]
[BlackElo "1764"]
[PlyCount "69"]
[EventDate "2020.12.04"]
[EventType "tourn"]
[EventRounds "9"]
[EventCountry "PUR"]
[SourceTitle "EXT 2022"]
[Source "ChessBase"]
[SourceDate "2021.10.06"]
[SourceVersion "1"]
[SourceVersionDate "2021.10.06"]
[SourceQuality "1"]

1. Nf3 d5 2. c4 c6 3. b3 Bf5 4. g3 e6 5. Bg2 Be7 6. Bb2 Bf6 7. Qc1 Bxb2 8. Qxb2 Qf6 9. Nc3 Ne7 10. d3 0-0 11. 0-0 Nd7 12. Rac1 d4 13. Ne4 Bxe4 14. dxe4 e5 15. c5 Qh6 16. b4 a6 17. Rfd1 f5 18. exf5 Nxf5 19. a4 Qe6 20. Ng5 Qe7 21. Ne4 Nf6 22. b5 Rfb8 23. Ng5 Nh6 24. bxc6 bxc6 25. Qa2+ Nd5 26. Bxd5+ cxd5 27. Qxd5+ Kh8 28. h4 Rd8 29. Qe4 g6 30. c6 Rd6 31. Rc5 Re8 32. Rdc1 Ng8 33. c7 Nf6 34. Qxe5 Re6 35. Qxe6 1-0

[Event "PUR-ch"]
[Site "Guaynabo"]
[Date "2020.12.05"]
[Round "3"]
[White "Pinales Roussel, Gabriel"]
[Black "Gonzalez Gonzalez, Enoel"]
[Result "0-1"]
[WhiteElo "2033"]
[BlackElo "1824"]
[PlyCount "74"]
[EventDate "2020.12.04"]
[EventType "tourn"]
[EventRounds "9"]
[EventCountry "PUR"]
[SourceTitle "EXT 2022"]
[Source "ChessBase"]
[SourceDate "2021.10.06"]
[SourceVersion "1"]
[SourceVersionDate "2021.10.06"]
[SourceQuality "1"]

1. e4 e5 2. Nf3 Nc6 3. d4 exd4 4. Nxd4 Bc5 5. Nb3 Bb6 6. Nc3 d6 7. Qe2 Bd7 8. Be3 Nge7 9. 0-0-0 Ne5 10. h3 N7c6 11. f4 Ng6 12. g4 Qh4 13. Bxb6 axb6 14. Qf3 h5 15. Nd5 0-0-0 16. Be2 Rde8 17. Rhg1 hxg4 18. hxg4 Qd8 19. Qc3 Rxe4 20. Bf3 Ra4 21. Qxg7 Nxf4 22. Rh1 Rg8 23. Qc3 Nxd5 24. Bxd5 Raxg4 25. Bxf7 Rf8 26. Bd5 Nb4 27. Kb1 Nxd5 28. Rxd5 Bc6 29. Qh3 Qd7 30. Rdd1 Bxh1 31. Qxh1 Rfg8 32. a3 Rg2 33. Qh5 Qg4 34. Qxg4+ R8xg4 35. Rd2 Rxd2 36. Nxd2 Rg1+ 37. Ka2 Rg2 0-1

[Event "San Sebastian Mendez Memorial 2nd"]
[Site "San Sebastian del Pepino"]
[Date "2015.01.17"]
[Round "4"]
[White "Izuzquiza Gonzalez, Javier"]
[Black "Gonzalez Gonzalez, Enoel"]
[Result "1-0"]
[WhiteElo "2036"]
[BlackElo "1798"]
[PlyCount "83"]
[EventDate "2015.01.14"]
[EventType "swiss"]
[EventRounds "9"]
[EventCountry "PUR"]
[SourceTitle "EXT 2016"]
[Source "ChessBase"]
[SourceDate "2015.10.08"]
[SourceVersion "1"]
[SourceVersionDate "2015.10.08"]
[SourceQuality "1"]

1. d4 Nf6 2. c4 e6 3. g3 c5 4. d5 d6 5. Nc3 e5 6. e4 Bd7 7. Nge2 Na6 8. Bg2 Nc7 9. a4 Na6 10. 0-0 Nb4 11. f4 exf4 12. gxf4 Ng4 13. Rf3 Qh4 14. h3 h5 15. hxg4 hxg4 16. Rg3 g6 17. Nb5 Bxb5 18. axb5 Qh2+ 19. Kf1 Bg7 20. Rxg4 Rh3 21. Bxh3 Qxh3+ 22. Rg2 Qf3+ 23. Rf2 Qh3+ 24. Kg1 Kd7 25. Ra3 Qg4+ 26. Rg3 Qh4 27. Rh2 Bd4+ 28. Kg2 Qe7 29. Nxd4 cxd4 30. Qf3 a5 31. Rh7 Qf6 32. Qg4+ Kc7 33. e5 dxe5 34. fxe5 Qf5 35. d6+ Kb8 36. Rh8+ Ka7 37. Rxa8+ Kxa8 38. Qxf5 gxf5 39. b6 Nc6 40. d7 f4 41. d8Q+ Nxd8 42. Rg8 1-0